000 01131nam a2200325 i 4500
001 13552
003 KOSZ 005
005 20200630132828.0
008 080319s1971 pl f f 001 0 pol
015 _aPB 5270/71
040 _aWA N
_cWA N
_dKOSZ 005/RW
041 1 _apol
_hrus
080 _a512
100 1 _aGel'fand, Izrail Moiseevič
_d(1913- ).
245 1 0 _aWykłady z algebry liniowej /
_cI. M. Gelfand ; [tłumaczenie Lech Kubik].
246 1 _iTytuł oryginału:
_aLekcii po linejnoj algebre.
260 _aWarszawa :
_bPaństwowe Wydawnictwo Naukowe,
_c1971.
300 _a212, [2] stron ;
_c24 cm.
336 _aTekst
_btxt
_2rdacontent
337 _aBez urządzenia pośredniczącego
_bn
_2rdamedia
338 _aWolumin
_bnc
_2rdacarrier
380 _aKsiążki.
504 _aIndeks.
658 _aMatematyka
650 4 _aAlgebra liniowa
700 1 _aKubik, Lech Tadeusz
_d(1930-1997)
_eTłumaczenie
710 2 _aPaństwowe Wydawnictwo Naukowe
_4pbl.
856 _uhttp://koha.tu.koszalin.pl/cgi-bin/koha/opac-detail.pl?biblionumber=13552
_yKatalog online BPK
942 _2UKD
_cKS
999 _c13552
_d13552